Statistiques concernant Conan Gray

Cliquez ici pour prendre le quiz!

Statistiques générales

  • Ce quiz a été pris 46 fois
    (14 depuis la dernière actualisation)
  • Le résultat moyen est 26 sur 48

Statistiques - réponses

Réponse% Correct
family line
91%
alley rose
82%
astronomy
82%
killing me
82%
memories
82%
boys and girls
73%
fainted love
73%
heather
73%
lookalike
73%
maniac
73%
the exit
73%
the story
73%
bourgeoisieses
64%
footnote
64%
found heaven
64%
little league
64%
movies
64%
never ending song
64%
people watching
64%
summer child
64%
the final fight
64%
winner
64%
disaster
55%
eye of the night
55%
lonely dancers
55%
miss you
55%
the cut that always bleeds
55%
wish you were sober
55%
best friend
45%
fight or flight
45%
forever with me
45%
generation why
45%
telepath
45%
the king
45%
yours
45%
affluenza
36%
crush culture
36%
greek god
36%
idle town
36%
jigsaw
36%
the other side
36%
comfort crowd
27%
overdrive
27%
can we be friends
18%
checkmate
18%
fake
18%
grow
9%
online love
9%

Distribution des résultats

Percentile par nombre de réponses

% des personnes avec chaque résultat

Votre développement - résultats

Vous n’avez pas pris ce quiz depuis la dernière actualisation